00498 2200193 4500245006500000020001800065250001100083100002100094700001800115700002300133650001700156005001900173260003100192041001400223084001300237300003400250336000900284338001100293 aShanaou Yoshitsune Genpei War Vol. 8cSawada, HirofumihText a9789792344578 aCet. 2 aSawada, Hirofumi aSri Nurhayati aFebrian Anantasyah aKomik Jepang a20230131141307 aJakartabPT Gramediac2010 aIndonesia a741.5592 a... jil. :bilus. ;c17.5 cm. atext avolume